000 01010cam a2200313 a 4500
001 3506899
003 OSt
005 20250901165811.0
008 950727s1996 nyu 000 1 eng
010 _a 95036836
020 _a0446519855 (hardcover)
040 _aDLC
_cDLC
_dDLC
_dOCoLC
_dDLC
043 _an-us-ny
050 0 0 _aPS 3557 .R352 T48 1996
_bT48 1996
082 0 0 _a813/.54
_220
100 1 _aGraziunas, Daina.
245 1 0 _aThinning the predators /
_cDaina Graziunas and Jim Starlin.
260 _aNew York :
_bWarner Books,
_cc1996.
300 _a326 p. ;
_c24 cm.
650 0 _aPsychic ability
_xFiction.
650 0 _aVigilantes
_xFiction.
650 0 _aSerial murderers
_xFiction.
651 0 _aNew York (N.Y.)
_xFiction.
655 7 _aDetective and mystery stories.
_2gsafd
700 1 _aStarlin, Jim.
906 _a7
_bcbc
_corignew
_d1
_eocip
_f19
_gy-gencatlg
942 _2lcc
_cBK
999 _c9392
_d9392